00493nam a2200157 i 450000100060000000300090000600500170001500700030003200800410003510000190007624501240009526000480021930000260026770000210029385200210031436368ES-MaACL20230906155345.0t|030218s1933 fr ||||1| fre d1 aBufnoir, Paul.14aLes arthrodeses dans la coxalgie b: indications, techniques, resultats eloignes / cPaul Bufnoir ; preface par Sorrel. aParis : b[s.n., c1933] (fBarneoud Lazal) aIX, 109 p. ; c25 cm.1 aSorrel, Etienne. aES-MaACLjE-1677